[Event "Jaroslawiec op-A"]
[Site "Jaroslawiec"]
[Date "1995.??.??"]
[Round "5"]
[White "Siekanska, Izabela"]
[Black "Jasnikowski, Zbigniew"]
[Result "0-1"]
[WhiteElo "2155"]
[BlackElo "2425"]
[PlyCount "60"]
[EventDate "1995.??.??"]
[EventType "swiss"]
[EventRounds "9"]
[EventCountry "POL"]
[SourceTitle "EXT 2006"]
[Source "ChessBase"]
[SourceDate "2005.11.24"]
[SourceVersion "1"]
[SourceVersionDate "2005.11.24"]
[SourceQuality "1"]

1. e4 c5 2. Nf3 e6 3. d4 cxd4 4. Nxd4 Nf6 5. Nc3 d6 6. g3 Nc6 7. Bg2 Bd7 8. 0-0 Be7 9. b3 a6 10. Bb2 0-0 11. Nxc6 Bxc6 12. Qe2 Qc7 13. a4 b6 14. f4 Rfe8 15. g4 Nd7 16. g5 Bf8 17. Rf3 g6 18. Rh3 Bg7 19. Qf2 b5 20. Qh4 Nf8 21. Rf1 bxa4 22. Nxa4 Bxa4 23. Bxg7 Kxg7 24. Qh6+ Kg8 25. f5 exf5 26. exf5 gxf5 27. Bxa8 Qa7+ 28. Rf2 Re1+ 29. Kg2 Qxa8+ 30. Kg3 Re3+ 0-1

[Event "POL-chT 50th"]
[Site "Lubniewice"]
[Date "1994.??.??"]
[Round "6"]
[White "Erenska Barlo, Hanna"]
[Black "Siekanska, Izabela"]
[Result "1-0"]
[WhiteElo "2225"]
[BlackElo "2115"]
[PlyCount "53"]
[EventDate "1994.09.22"]
[EventType "team-tourn"]
[EventRounds "11"]
[EventCountry "POL"]
[SourceTitle "EXT 2019"]
[Source "ChessBase"]
[SourceDate "2018.10.10"]
[SourceVersion "1"]
[SourceVersionDate "2018.10.10"]
[SourceQuality "1"]
[WhiteTeam "Poznan Pocztowiec"]
[BlackTeam "Gorzow Wielkopolski Stilon"]
[WhiteTeamCountry "POL"]
[BlackTeamCountry "POL"]

1. e4 e6 2. d4 d5 3. exd5 exd5 4. Nf3 Nf6 5. Bd3 Bd6 6. c4 dxc4 7. Bxc4 0-0 8. 0-0 Nbd7 9. Bg5 c6 10. Nc3 Qa5 11. Re1 h6 12. Bh4 Qh5 13. Bg3 Bxg3 14. hxg3 Ng4 15. Ne2 g5 16. Nc3 Nb6 17. Bb3 Be6 18. a4 a5 19. Rxe6 fxe6 20. Bxe6+ Kg7 21. Qb3 Nd5 22. Nxd5 cxd5 23. Qxb7+ Kh8 24. Qxd5 Rad8 25. Qxa5 Rxd4 26. Qc3 Rfd8 27. Bxg4 1-0

[Event "POL-chT 50th"]
[Site "Lubniewice"]
[Date "1994.??.??"]
[Round "3"]
[White "Jaracz, Barbara"]
[Black "Siekanska, Izabela"]
[Result "1/2-1/2"]
[WhiteElo "2085"]
[BlackElo "2115"]
[PlyCount "162"]
[EventDate "1994.09.22"]
[EventType "team-tourn"]
[EventRounds "11"]
[EventCountry "POL"]
[SourceTitle "EXT 2019"]
[Source "ChessBase"]
[SourceDate "2018.10.10"]
[SourceVersion "1"]
[SourceVersionDate "2018.10.10"]
[SourceQuality "1"]
[WhiteTeam "Jasien LKS ZPD"]
[BlackTeam "Gorzow Wielkopolski Stilon"]
[WhiteTeamCountry "POL"]
[BlackTeamCountry "POL"]

1. e4 e6 2. d4 d5 3. Nc3 Nf6 4. Bg5 Bb4 5. exd5 Qxd5 6. Nf3 Ne4 7. Bd2 Bxc3 8. Bxc3 Nxc3 9. bxc3 b6 10. Bd3 Bb7 11. 0-0 Nd7 12. Re1 Qh5 13. Be4 Bxe4 14. Rxe4 0-0 15. c4 Rad8 16. Qe2 Qa5 17. Qe1 Qa4 18. Qe2 c5 19. c3 Rc8 20. Rc1 Nf6 21. Re5 cxd4 22. cxd4 Rc7 23. Re3 Nd5 24. Rb3 Rfc8 25. Ne5 h6 26. Rd1 Nf6 27. h3 Nd7 28. Nxd7 Rxd7 29. Rc3 Rcd8 30. d5 exd5 31. cxd5 Rxd5 32. Rxd5 Rxd5 33. Rc8+ Kh7 34. Rc7 Rd1+ 35. Kh2 Qf4+ 36. g3 Qxc7 37. Qxd1 Qc5 38. Qe2 a5 39. h4 h5 40. Qf3 Kg8 41. Qa8+ Kh7 42. Qf3 Kg8 43. Qa8+ Qf8 44. Qc6 Qd8 45. a4 g6 46. Qb5 Qd4 47. Kg1 Kf8 48. Qc6 Qd1+ 49. Kh2 Qb3 50. Qd7 Qe6 51. Qb5 Ke7 52. Kg1 Kd8 53. Kh2 Kc7 54. Kg1 Qe1+ 55. Kg2 Qc3 56. Kg1 Qd4 57. Qe8 Qd1+ 58. Kg2 Qb3 59. Kg1 Kd6 60. Qd8+ Kc5 61. Qe7+ Kd4 62. Qf6+ Kd3 63. Qc6 Qe6 64. Qc1 Qb3 65. Qc6 Kd2 66. Kg2 Qe6 67. Qb5 Kc3 68. Kg1 Qe1+ 69. Kg2 Qe4+ 70. Kg1 Qb4 71. Qe5+ Kb3 72. Qd5+ Qc4 73. Qd1+ Ka3 74. Qa1+ Kb4 75. Qb2+ Qb3 76. Qd4+ Ka3 77. Qa1+ Qa2 78. Qd1 Kb4 79. Qd4+ Qc4 80. Qxb6+ Kxa4 81. Qb2 Qb3 1/2-1/2

[Event "POL-chT 50th"]
[Site "Lubniewice"]
[Date "1994.??.??"]
[Round "4"]
[White "Siekanska, Izabela"]
[Black "Brustman, Agnieszka"]
[Result "1-0"]
[WhiteElo "2115"]
[BlackElo "2375"]
[PlyCount "77"]
[EventDate "1994.09.22"]
[EventType "team-tourn"]
[EventRounds "11"]
[EventCountry "POL"]
[SourceTitle "EXT 2019"]
[Source "ChessBase"]
[SourceDate "2018.10.10"]
[SourceVersion "1"]
[SourceVersionDate "2018.10.10"]
[SourceQuality "1"]
[WhiteTeam "Gorzow Wielkopolski Stilon"]
[BlackTeam "Warszawa Polonia"]
[WhiteTeamCountry "POL"]
[BlackTeamCountry "POL"]

1. e4 c5 2. Nf3 d6 3. d4 cxd4 4. Nxd4 Nf6 5. Nc3 a6 6. Be2 g6 7. 0-0 Bg7 8. Be3 Nbd7 9. a4 Qc7 10. a5 Nc5 11. Bf3 0-0 12. Nd5 Qd8 13. Nb6 Rb8 14. e5 Ne8 15. exd6 exd6 16. Qd2 Ne6 17. Rfd1 Nxd4 18. Bxd4 Bxd4 19. Qxd4 Be6 20. Ra3 Qg5 21. b4 Nc7 22. Rad3 Rfd8 23. c4 h5 24. Qe3 Qf5 25. Be4 Qf6 26. h3 Bf5 27. Qf3 Na8 28. Nd5 Qe5 29. Bxf5 gxf5 30. Qxh5 Kf8 31. Rg3 f4 32. Qh6+ Ke8 33. Nxf4 Kd7 34. Re3 Rh8 35. Rxe5 Rxh6 36. Rf5 Rh7 37. c5 Nc7 38. Rxd6+ Ke7 39. Nd5+ 1-0

[Event "POL-chT 50th"]
[Site "Lubniewice"]
[Date "1994.??.??"]
[Round "7"]
[White "Siekanska, Izabela"]
[Black "Litynska, Marta"]
[Result "1/2-1/2"]
[WhiteElo "2115"]
[BlackElo "2295"]
[PlyCount "85"]
[EventDate "1994.09.22"]
[EventType "team-tourn"]
[EventRounds "11"]
[EventCountry "POL"]
[SourceTitle "EXT 2019"]
[Source "ChessBase"]
[SourceDate "2018.10.10"]
[SourceVersion "1"]
[SourceVersionDate "2018.10.10"]
[SourceQuality "1"]
[WhiteTeam "Gorzow Wielkopolski Stilon"]
[BlackTeam "Gdansk Gedania"]
[WhiteTeamCountry "POL"]
[BlackTeamCountry "POL"]

1. e4 c5 2. Nf3 d6 3. d4 cxd4 4. Nxd4 Nf6 5. Nc3 a6 6. Be2 e6 7. 0-0 Nbd7 8. f4 b5 9. Bf3 Bb7 10. a3 Qc7 11. Kh1 Be7 12. Qe1 Rb8 13. Be3 0-0 14. g4 Nc5 15. Bg1 d5 16. e5 Nfe4 17. Nxe4 Nxe4 18. c3 Rfe8 19. Bg2 Ba8 20. Qe2 Qc4 21. Qe1 Bd8 22. Rf3 a5 23. Bf1 Qc8 24. Rh3 Be7 25. g5 g6 26. Qh4 h5 27. Be2 Kg7 28. Be3 b4 29. axb4 axb4 30. f5 exf5 31. e6 fxe6 32. Nxf5+ exf5 33. Bd4+ Kf8 34. Rg1 Qe6 35. Bxh5 Bxg5 36. Rxg5 Nxg5 37. Qxg5 Qe1+ 38. Kg2 Re2+ 39. Bxe2 Qxe2+ 40. Kg3 Qe1+ 41. Kg2 Qe2+ 42. Kg3 Qe1+ 43. Kg2 1/2-1/2

[Event "POL-chT 50th"]
[Site "Lubniewice"]
[Date "1994.??.??"]
[Round "9"]
[White "Siekanska, Izabela"]
[Black "Sikora Gizynska, Bozena"]
[Result "0-1"]
[WhiteElo "2115"]
[BlackElo "2170"]
[PlyCount "140"]
[EventDate "1994.09.22"]
[EventType "team-tourn"]
[EventRounds "11"]
[EventCountry "POL"]
[SourceTitle "EXT 2019"]
[Source "ChessBase"]
[SourceDate "2018.10.10"]
[SourceVersion "1"]
[SourceVersionDate "2018.10.10"]
[SourceQuality "1"]
[WhiteTeam "Gorzow Wielkopolski Stilon"]
[BlackTeam "Bielsko-Biala Wlokniarz"]
[WhiteTeamCountry "POL"]
[BlackTeamCountry "POL"]

1. e4 c5 2. Nf3 e6 3. d4 cxd4 4. Nxd4 Nc6 5. Nc3 Qc7 6. g3 a6 7. Bg2 Nf6 8. 0-0 Be7 9. a4 0-0 10. h3 d6 11. Re1 Bd7 12. Nde2 Rab8 13. g4 b5 14. axb5 axb5 15. g5 Ne8 16. Ng3 b4 17. Nce2 g6 18. f4 Ng7 19. Rf1 f6 20. Be3 fxg5 21. fxg5 e5 22. Qd2 Be6 23. Rxf8+ Rxf8 24. Nf1 Nh5 25. Nh2 Qd7 26. Ra6 Qc8 27. Rb6 Bd8 28. Rb5 Bxh3 29. Qxd6 Be7 30. Bxh3 Qxh3 31. Qd2 Rd8 32. Rd5 Ra8 33. Qc1 Nd4 34. Bxd4 exd4 35. b3 Qh4 36. Qf1 Qxe4 37. Qf3 Qh4 38. Rxd4 Ra1+ 39. Kg2 Qxg5+ 40. Ng4 Nf6 41. Ng3 Nxg4 42. Rxg4 Qd2+ 43. Kh3 Re1 44. Re4 Rxe4 45. Qxe4 Qh6+ 46. Kg2 Qg5 47. Kf3 Qf6+ 48. Kg2 h5 49. Ne2 Bd6 50. c3 bxc3 51. Qc4+ Kh7 52. Nxc3 Qg5+ 53. Kf3 Qg3+ 54. Ke2 Qg2+ 55. Ke3 Qg5+ 56. Kf3 Qf5+ 57. Kg2 Be5 58. Ne4 h4 59. Qd3 Qg4+ 60. Kf2 Kh6 61. Qf3 Bd4+ 62. Ke2 Kh5 63. b4 h3 64. Nf2 Qxf3+ 65. Kxf3 Kh4 66. b5 h2 67. Nh1 Kh3 68. Ng3 g5 69. Nh1 g4+ 70. Kf4 Bb6 0-1

[Event "POL-chT 50th"]
[Site "Lubniewice"]
[Date "1994.??.??"]
[Round "1"]
[White "Szmigielska, Anna"]
[Black "Siekanska, Izabela"]
[Result "1-0"]
[WhiteElo "2170"]
[BlackElo "2115"]
[PlyCount "81"]
[EventDate "1994.09.22"]
[EventType "team-tourn"]
[EventRounds "11"]
[EventCountry "POL"]
[SourceTitle "EXT 2019"]
[Source "ChessBase"]
[SourceDate "2018.10.10"]
[SourceVersion "1"]
[SourceVersionDate "2018.10.10"]
[SourceQuality "1"]
[WhiteTeam "Legnica Miedz"]
[BlackTeam "Gorzow Wielkopolski Stilon"]
[WhiteTeamCountry "POL"]
[BlackTeamCountry "POL"]

1. e4 e6 2. d4 d5 3. Nc3 Nf6 4. e5 Nfd7 5. Nf3 c5 6. dxc5 Nc6 7. Bf4 Bxc5 8. Bd3 f6 9. exf6 Nxf6 10. 0-0 0-0 11. Qe2 a6 12. a4 Nd4 13. Nxd4 Bxd4 14. Be5 Bc5 15. Nd1 b6 16. Ne3 a5 17. Ng4 Ra7 18. c4 Qe7 19. cxd5 exd5 20. Nxf6+ gxf6 21. Bc3 Qg7 22. Qh5 d4 23. Bd2 Bg4 24. Bxh7+ Qxh7 25. Qxg4+ Rg7 26. Qe6+ Kh8 27. Rae1 Qg6 28. g3 Qh5 29. Qc6 Rh7 30. Qg2 Qf5 31. Re4 Qd5 32. Qf3 f5 33. Rf4 Qe6 34. Re1 Qh6 35. h4 Qf6 36. Qd3 Rd7 37. Rf3 Qg6 38. Bf4 Kh7 39. Re2 Re8 40. Rxe8 Qxe8 41. Qxf5+ 1-0

[Event "POL-chT 46th prel"]
[Site "Bydgoszcz"]
[Date "1990.09.20"]
[Round "5"]
[White "Siekanska, Izabela"]
[Black "Pilarska, Czeslawa"]
[Result "1/2-1/2"]
[WhiteElo "2070"]
[BlackElo "2060"]
[PlyCount "59"]
[EventDate "1990.09.16"]
[EventType "team-swiss"]
[EventRounds "6"]
[EventCountry "POL"]
[SourceTitle "EXT 2019"]
[Source "ChessBase"]
[SourceDate "2018.10.10"]
[SourceVersion "1"]
[SourceVersionDate "2018.10.10"]
[SourceQuality "1"]
[WhiteTeam "Gorzow Wielkopolski Stilon"]
[BlackTeam "Krakow KKSz-Hutnik"]
[WhiteTeamCountry "POL"]
[BlackTeamCountry "POL"]

1. e4 c5 2. Nf3 Nc6 3. d4 cxd4 4. Nxd4 Qb6 5. Nb3 e6 6. Nc3 Nf6 7. Be3 Qc7 8. g4 d6 9. g5 Nd7 10. Qe2 a6 11. f4 b5 12. Bh3 b4 13. Nd1 Be7 14. 0-0 Nc5 15. Nxc5 dxc5 16. c3 bxc3 17. Nxc3 Nd4 18. Qf2 0-0 19. Rac1 Qb6 20. f5 Bd6 21. f6 g6 22. Qh4 Re8 23. e5 Bf8 24. Ne4 Ne2+ 25. Kf2 Nxc1 26. Rxc1 Qb4 27. b3 Bb7 28. Rc4 Qa3 29. Bxc5 Qxa2+ 30. Kg1 1/2-1/2